Séminaire Bourbaki vol. 1975-76. Exposés 471-488
-д хадгалсан:
| Формат: | Ном |
|---|---|
| Хэл сонгох: | франц англи |
| Хэвлэсэн: |
Berlín
Springer-Verlag
1977
|
| Цуврал: | Lecture Notes in Mathematics, 567
|
| Нөхцлүүд: | |
| Шошгууд: |
Шошго нэмэх
Шошго байхгүй, Энэхүү баримтыг шошголох эхний хүн болох!
|
MARC
| LEADER | 00000nam a2200000 a 4500 | ||
|---|---|---|---|
| 001 | UCP1812 | ||
| 003 | CL-VaPUC | ||
| 008 | 990426e19770000GW |||||||||||||||||fre|d | ||
| 041 | 0 | 7 | |a fre |2 CL-VaPUC |
| 041 | 0 | 7 | |a eng |2 CL-VaPUC |
| 082 | 0 | 4 | |a 510 |b SEM |2 21 |
| 245 | 1 | 0 | |a Séminaire Bourbaki vol. 1975-76. Exposés 471-488 |
| 300 | |a 303 p | ||
| 942 | |c BK | ||
| 945 | |d 19990426 00:00:00 |a crobeson | ||
| 260 | |a Berlín |b Springer-Verlag |c 1977 | ||
| 650 | 0 | |a Matemática |9 260235 | |
| 650 | 0 | |a Representaciones de grupos |9 417402 | |
| 650 | 0 | |a Grupos de Lie |9 271231 | |
| 650 | 0 | |a Álgebra |9 259567 | |
| 583 | |a last modification |c 19990426 00:00:00 |k Rodrigo Vera | ||
| 490 | 0 | |a Lecture Notes in Mathematics, 567 | |
| 999 | |c 280449 |d 280447 | ||